Normal view
MARC view
Entry Topical Term
001 - CONTROL NUMBER
- control field: 54993
003 - CONTROL NUMBER IDENTIFIER
- control field: OSt
005 - DATE AND TIME OF LATEST TRANSACTION
- control field: 20241010090855.0
008 - FIXED-LENGTH DATA ELEMENTS
- fixed length control field: 241010|| aca||aabn | a|a d
040 ## - CATALOGING SOURCE
- Original cataloging agency: OSt
- Transcribing agency: OSt
150 ## - HEADING--TOPICAL TERM
- Topical term or geographic name entry element: အလောင်းတော််ကဿပဘုရား
- Form subdivision: သမိုင်း
670 ## - SOURCE DATA FOUND
- Source citation: Work cat.: (OSt)16869: ဖိုးကျား၊ ဦး၊ အမျိုးသားပညာဝန်, အလောင်းတော်ကဿပ (ကိုယ်တွေ့ဝတ္ထုများနံပါတ်-၆) /, ၁၉၇၃။